00740nam a22001817a 4500003000900000008004100009040007100050082002000121245007200141260005200213300004400265440003400309505014000343650002400483650001500507650001300522700002300535AR-CdUCM190425b ||||| |||| 00| 0 spa d aMUNICIPALIDAD PROVINCIAL DEL CUSCOcBIBLIOTECA MUNICIPAL DEL CUSCO aSur/N°179/1991 aSur :bsemanario regional surandino /cGuido Delran Cousy, Director aCusco.bCentro Bartolomé de las Casas,c1991. a8 páginas. :bilustraciones ;c29 cm. aSur.nAño XIV, N°179,1991. aContenido: Hay recomposición en Concejo y asamblea de la región Inka. .. Los orígenes de la Corte Superior de Justicia del Cusco. aSociedad cusqueña aPolítica aSiglo XX aUrquieta, Débora